| 000 | 00379nam a22001217a 4500 | ||
|---|---|---|---|
| 999 |
_c1428 _d1428 |
||
| 005 | 20200831135005.0 | ||
| 008 | 200831b ||||| |||| 00| 0 eng d | ||
| 020 | _a0201102382 | ||
| 040 | _cCML | ||
| 245 |
_aThinking Mathematically. _cMason, J, Burton, L. & Stacey, K. |
||
| 260 |
_aLondon _bAddison- Wesley Publishing Company. _c1982 |
||
| 942 |
_2ddc _cBK _h510 _mMAS |
||